000 00266nam a2200121Ia 4500
008 190216s9999||||xx |||||||||||||| ||und||
100 _aJatin Mohanty
245 0 _aTen Short Stories
260 _bDc Books
_c1983
300 _a117
650 _aEnglish
942 _cBK
999 _c14204
_d14204